Peinture - Autour de Rosa Bonheur - Statistiques

Statistiques générales
  • Ce quiz a été pris 81 fois
  • Le résultat moyen est 7 sur 20
Statistiques - réponses
Question Réponse % Correct
Le tableau commandé par l'Etat est le célèbre Labourage nivernais qui se trouve... au musée d'Orsay
71%
Rosa Bonheur ne s'est pas mariée, elle a vécu avec deux amies successivement
52%
Peu après sa mort, Rosa Bonheur reçoit la médaille d'honneur de la Société des artistes français
52%
Formée par son père, Rosa Bonheur expose pour la première fois à 19 ans
48%
Son père est... professeur de dessin
48%
La famille de Rosa s'installe à Paris en... 1830
43%
On spécule de son vivant sur la côte de ses tableaux, en particulier... aux Etats-Unis
43%
Rosa Bonheur reçoit la croix de chevalier de la Légion d'Honneur de l'impératrice Eugénie en 1865
38%
Rosa Bonheur meurt d'une pneumonie en... 1899
38%
La notoriété lui vient en 1853 après la présentation au Salon de Le marché aux chevaux
38%
Elle est née en 1822 à... Bordeaux
33%
Dans quel musée ne peut-on pas voir une oeuvre de Rosa Bonheur ? Dijon
33%
Rosa Bonheur perd sa mère alors qu'elle a 11 ans, celle-ci a probablement été victime de... du choléra
33%
Le véritable prénom de Rosa Bonheur est... Rosalie
33%
En 1860, Rosa Bonheur s'installe en Seine-et-Marne au château de By
24%
Selon Rosa Bonheur, le Labourage nivernais a été inspiré par la lecture d'un livre de George Sand
24%
En 1889, elle découvre les animaux d'Amérique et les Indiens lors du passage du spectacle de Buffalo Bill à Paris. Que ne fait-elle pas ? elle adopte un couple de bisons
19%
Rosa Bonheur obtient une première médaille et une commande de l'Etat, en 1845
14%
Sa mère est... la fille adoptive d'un riche négociant
14%
Tous les enfants de Raymond et Sophie Bonheur seront artistes, il y aura... un sculpteur et trois peintres
14%
Aucun quiz correspondant
Distribution des résultats
% des personnes avec chaque résultat
Percentile par nombre de réponses
Votre historique - résultats
Vous n’avez pas pris ce quiz